|
|
|
|
| LEADER |
01018nam a2200277 a 4500 |
| 001 |
13948458 |
| 003 |
BD-DhAAL |
| 008 |
090623s2003 si a b 001 0 eng d |
| 999 |
|
|
|c 1850
|d 1850
|
| 010 |
|
|
|a 2005297869
|
| 020 |
|
|
|a 9812383220
|
| 020 |
|
|
|a 9812383239 (pbk.)
|
| 040 |
|
|
|a NLM
|c NLM
|d UKM
|d MDY
|d DLC
|
| 082 |
0 |
0 |
|a 660.6/2
|2 22
|
| 245 |
0 |
0 |
|a Microbial biotechnology :
|b principles and applications /
|c editor, Lee Yuan Kun.
|
| 260 |
|
|
|a New Jersey :
|b World Scientific,
|c 2003.
|
| 300 |
|
|
|a xiii, 724 pages :
|b illustrations ;
|c 23 cm.
|
| 504 |
|
|
|a Includes bibliographical references and index.
|
| 541 |
1 |
|
|e 00016621
|
| 650 |
|
0 |
|a Microbial biotechnology.
|9 45603
|
| 650 |
1 |
2 |
|a Biotechnology.
|9 45604
|
| 650 |
1 |
2 |
|a Microbiology.
|9 45605
|
| 700 |
1 |
|
|a Yuan Kun, Lee
|9 45606
|
| 852 |
4 |
|
|a Ayesha Abed Library
|j General Shelf.
|
| 942 |
|
|
|2 ddc
|c BK
|
| 952 |
|
|
|0 0
|1 0
|2 ddc
|4 0
|6 660_620000000000000_MIC_2003
|7 0
|9 13061
|a BRACUL
|b BRACUL
|c GEN
|d 2010-11-03
|l 7
|m 18
|o 660.62 MIC
|p 3010016621
|r 2025-04-13
|s 2025-04-06
|t 1
|w 2010-11-03
|y BK
|